000 00204 a2200097 4500
001 15048
100 _aCarson A
245 _aA train to Tarragona
260 _aLondon
_bMethuen
_c
090 _c11803
_d11803
942 _aNUST-CAE
_cM
_c2007
999 _c250121
_d250121